000 00666nam a2200205 a 4500
005 20140310183452.0
008 090310s19uu xx 00 eng d
020 _a978422103210
050 _aHD 53
_b.Sch3596 2007
100 _aSchmitt, Bernd H.
245 _aBig think strategy :
_bhow to leverage bold ideas and leave small thinking behind /
_cBernd H. Schmitt
260 _aBoston, Massachusetts :
_bHarvard Business School Press,
_c2007.
300 _a177 p. :
_bill. ;
_c24 cm.
521 _aBSBA
650 _aCreative ability in business.
650 _aStrategic planning.
650 _aSuccess in business.
942 _cBK
_2lcc
_kFOR
999 _c23459
_d23459